Les Etats-Unis (Record no. 61768)

MARC details
000 -LEADER
campo de control de longitud fija 00626nam a2200193 i 4500
001 - NÚMERO DE CONTROL
campo de control 61768
003 - IDENTIFICADOR DE NÚMERO DE CONTROL
campo de control ES-MaACL
005 - FECHA Y HORA DE LA ÚLTIMA TRANSACCIÓN
campo de control 20250904044135.0
007 - CAMPO FIJO DE DESCRIPCIÓN FÍSICA--INFORMACIÓN GENERAL
campo de control de longitud fija t|
008 - DATOS DE LONGITUD FIJA--INFORMACIÓN GENERAL
campo de control de longitud fija 031113s1919 fr ||||1| fre d
100 1# - ENTRADA PRINCIPAL--NOMBRE DE PERSONA
Nombre de persona Ferrand, Max.
9 (RLIN) 50257
245 14 - MENCIÓN DEL TÍTULO
Título Les Etats-Unis
Resto del título : formation historique dela nation americaine /
Mención de responsabilidad, etc. Max Farrand ; preface de M. Jules Cambou.
260 ## - PUBLICACIÓN, DISTRIBUCIÓN, ETC.
Lugar de publicación, distribución, etc. París :
Nombre del editor, distribuidor, etc. [s.n.,
Fecha de publicación, distribución, etc. 1919] (
Lugar de fabricación/manufactura Coulommiers :
Fabricante Paul Brodard)
300 ## - DESCRIPCIÓN FÍSICA
Extensión XIX, 232 p. ;
Dimensiones 18 cm.
500 ## - NOTA GENERAL
Nota general Ouvrage traduit de l'anglais.
700 1# - ENTRADA AGREGADA--NOMBRE PERSONAL
Nombre de persona Cambon, Jules,
Fechas asociadas al nombre 1845-1935
9 (RLIN) 34036
852 ## - LOCALIZACIÓN
Ubicación ES-MaACL
Número de control de estantería F-10567
Holdings
Estatus retirado Estado de pérdida Estado de daño No para préstamo Biblioteca de origen Biblioteca actual Ubicación en estantería Fecha de adquisición Fuente de adquisición Total de préstamos Signatura topográfica completa Código de barras Visto por última vez Precio de reemplazo Tipo de ítem Koha
        Biblioteca del Ateneo de Madrid Biblioteca del Ateneo de Madrid Sala Pecera Planta 2 17/01/2008     F-10567 1064765 23/02/2023 23/02/2023 Libro impreso